Statistics for Draw Radiohead's OK Computer by Guessing Songs

Click here to take the quiz!

General Stats

  • This quiz has been taken 65 times
  • The average score is 11 of 12

Answers on the Map

Answers color-coded by a green-red scale on the quiz's map according to % correct below.
 

Answer Stats

Track% Correct
Paranoid Android
100%
Airbag
95%
Karma Police
95%
Exit Music (For A Film)
93%
No Surprises
91%
The Tourist
88%
Let Down
86%
Fitter Happier
84%
Lucky
84%
Climbing Up the Walls
80%
Electioneering
79%
Subterranean Homesick Alien
77%

Score Distribution

Percentile by Number Answered

Percent of People with Each Score

Your Score History

You have not taken this quiz